| 000 | 00377nam a2200145 i 4500 | ||
|---|---|---|---|
| 001 | bg | ||
| 100 | 1 | _aSYROEGIN, A. | |
| 245 | 0 |
_aAvtomatizacija i mechanizacija proizvodstva zubatych koles / _cA. Syroegin, S. Kalasnikov. |
|
| 260 |
_aMoskva, _c1970. |
||
| 700 | 1 | _aKALASNIKOV, S. | |
| 040 | _cBPK | ||
| 041 | _apol | ||
| 942 | _cKS | ||
| 008 | s pl f |000 0 pol | ||
| 999 |
_c8909 _d8909 |
||
| 856 |
_uhttp://koha.tu.koszalin.pl/cgi-bin/koha/opac-detail.pl?biblionumber=8909 _yKatalog online BPK |
||